<?xml version="1.0" encoding="UTF-8"?>
<record
    xmlns:xsi="http://www.w3.org/2001/XMLSchema-instance"
    xsi:schemaLocation="http://www.loc.gov/MARC21/slim http://www.loc.gov/standards/marcxml/schema/MARC21slim.xsd"
    xmlns="http://www.loc.gov/MARC21/slim">

  <leader>01463nam a2200217Ia 4500</leader>
  <datafield tag="952" ind1=" " ind2=" ">
    <subfield code="0">0</subfield>
    <subfield code="1">0</subfield>
    <subfield code="4">0</subfield>
    <subfield code="7">0</subfield>
    <subfield code="a">11</subfield>
    <subfield code="b">11</subfield>
    <subfield code="d">2010-01-26</subfield>
    <subfield code="l">2</subfield>
    <subfield code="o">RJ504 W6718 2001</subfield>
    <subfield code="p">11 008175</subfield>
    <subfield code="r">2019-01-21</subfield>
    <subfield code="s">2019-01-21</subfield>
    <subfield code="t">1</subfield>
    <subfield code="w">2012-06-26</subfield>
    <subfield code="y">LB</subfield>
  </datafield>
  <datafield tag="999" ind1=" " ind2=" ">
    <subfield code="c">72418</subfield>
    <subfield code="d">72418</subfield>
  </datafield>
  <controlfield tag="008">120626s2001    sp            000 0 spa d</controlfield>
  <datafield tag="020" ind1=" " ind2=" ">
    <subfield code="a">978-84-7903-491-7</subfield>
  </datafield>
  <datafield tag="050" ind1=" " ind2=" ">
    <subfield code="a">RJ504 </subfield>
    <subfield code="b">O7418</subfield>
  </datafield>
  <datafield tag="110" ind1=" " ind2=" ">
    <subfield code="a">Organizaci&#xF3;n Mundial de la Salud</subfield>
  </datafield>
  <datafield tag="245" ind1=" " ind2=" ">
    <subfield code="a">Clasificaci&#xF3;n multiaxial de los trastornos psiquiatricos en ni&#xF1;os y adolescentes </subfield>
    <subfield code="b">: Clasificaci&#xF3;n de la CIE- 10 de los trastornos mentales y del comportamiento en ni&#xF1;os y adolescentes </subfield>
    <subfield code="c">/ Introducci&#xF3;n de Sir Michel Rutter : traduccion de, Pedro Garc&#xED;a Parajua, M&#xF3;nica Magaritos L&#xF3;pez</subfield>
  </datafield>
  <datafield tag="260" ind1=" " ind2=" ">
    <subfield code="a">Espa&#xF1;a </subfield>
    <subfield code="b">: M&#xE9;dica panamericana</subfield>
    <subfield code="c">, 2001</subfield>
  </datafield>
  <datafield tag="300" ind1=" " ind2=" ">
    <subfield code="a">280 p&#xE1;ginas</subfield>
  </datafield>
  <datafield tag="500" ind1=" " ind2=" ">
    <subfield code="a">Incluye: Pr&#xF3;logo(p. ix), Introducci&#xF3;n (pp. 1- 6), agradecimientos (p. 251), &#xCD;ndice an&#xE1;litico (pp. 253-279)</subfield>
  </datafield>
  <datafield tag="505" ind1=" " ind2=" ">
    <subfield code="a">Eje I  S&#xED;ndromes psiquiatricos cl&#xED;nicos  
Eje II  Trastornos espec&#xED;ficos del desarrollo psicol&#xF3;gico  
Eje III  Nivel intelectual  
Eje IV  Otros procesos de la  CIE -!= asociados con trastornos mentales y del comportamiento  
Eje V  Situaciones psicosociales an&#xF3;malas asociadas  
Eje VI  Evaluaci&#xF3;n global de la  discapacidad psicosocial </subfield>
  </datafield>
  <datafield tag="519" ind1=" " ind2=" ">
    <subfield code="a">Plan UNAM / </subfield>
    <subfield code="b">Psicolog&#xED;a / </subfield>
    <subfield code="c">Aproximaciones al proceso salud- enfermedad (1201) / </subfield>
    <subfield code="d">(11 008175)</subfield>
  </datafield>
  <datafield tag="650" ind1=" " ind2="0">
    <subfield code="a">PSICOPATOLOG&#xCD;A INFANTIL</subfield>
    <subfield code="x">CLASIFICACI&#xD3;N</subfield>
  </datafield>
  <datafield tag="650" ind1=" " ind2="0">
    <subfield code="a">PSICOPATOLOGIA DE LA ADOLESCENCIA</subfield>
    <subfield code="x">CLASIFICACI&#xD3;N</subfield>
  </datafield>
  <datafield tag="700" ind1=" " ind2=" ">
    <subfield code="a">Garc&#xED;a Parajua, Pedro</subfield>
    <subfield code="e">traductor</subfield>
  </datafield>
  <datafield tag="700" ind1=" " ind2=" ">
    <subfield code="a">Magaritos L&#xF3;pez, M&#xF3;nica</subfield>
    <subfield code="e">traductor</subfield>
  </datafield>
  <datafield tag="942" ind1=" " ind2=" ">
    <subfield code="c">LB</subfield>
  </datafield>
</record>
